00788nam a2200241Ia 4500003000400000005001700004008004100021020002000062040000700082041000800089082001600097100002700113245004800140260003900188300001700227365001600244650002200260650004500282906005100327942001200378999001900390952013700409OSt20230516141642.0210423s2005 xx 000 0 und d a978-486-44307-8 cAL aeng a541.28 COOH aCOOK (DAVID B)9105355 aHandbook of computational quantum chemistry aNew YorkbDover publicationsc2005 axxiv,789bPB b2636.7cINR aChemistry9105356 aPhysical & Theoretical Chemistry9105357 achemistry ; computational ; Handbook ; quantum 2ddccBK c166374d166374 001040708GCaSACPGbSACPGd2015-02-04eBiblios Book Pointg2636.70l0o541.28 COOHpPG012874r2022-08-24 00:00:00w2021-04-26yBK